[Event "GER AM05-B email"]
[Site "GER email"]
[Date "2019.06.19"]
[Round "?"]
[White "Mayer, Roger"]
[Black "Gerola, Giorgio"]
[Result "1/2-1/2"]
[WhiteElo "2485"]
[BlackElo "2486"]
[PlyCount "60"]
[EventDate "2019.??.??"]
[EventType "tourn (corr)"]
[EventRounds "14"]
[EventCountry "GER"]
[SourceTitle "Corr 2022"]
[Source "ChessBase"]
[SourceDate "2021.10.24"]
[SourceVersion "1"]
[SourceVersionDate "2021.10.24"]
[SourceQuality "1"]

1. d4 d5 2. Nf3 Nf6 3. c4 e6 4. Nc3 Nbd7 5. cxd5 exd5 6. Qc2 Nb6 7. Bg5 h6 8. Bh4 Bd6 9. e3 c6 10. Bd3 Be6 11. 0-0 Nbd7 12. Ne2 0-0 13. h3 Rc8 14. a3 Qc7 15. Bg3 Bxg3 16. Nxg3 Qd6 17. Rfd1 a6 18. b4 Qe7 19. Re1 Ne8 20. Nd2 Nd6 21. Nb3 f5 22. Nc5 Nb6 23. a4 Nbc4 24. a5 Rce8 25. Nf1 Kh8 26. Nh2 g5 27. Nf3 Rg8 28. g3 Qf7 29. Rac1 Bc8 30. Kh2 Qh5 1/2-1/2